|
|
|
|
| LEADER |
01297nam a2200397 4500 |
| 001 |
DLU030024367 |
| 005 |
##20030801 |
| 040 |
# |
# |
|a DLU
|b vie
|
| 041 |
# |
# |
|a vie
|
| 044 |
# |
# |
|a vn
|
| 082 |
# |
# |
|a 570
|b HA-T
|
| 100 |
# |
# |
|a Hà Thanh Tùng
|
| 245 |
# |
# |
|a Khảo sát mức độ ô nhiễm của một số hồ nước tại Đà Lạt (hồ Đa Thiện, hồ Than Thở, hồ Đội Có, hồ Xuân Hưong, và hồ Tuyền Lâm) /
|c Hà Thanh Tùng
|
| 260 |
# |
# |
|a Đà Lạt :
|b Trường Đại học Đà Lạt,
|c 2001
|
| 300 |
# |
# |
|a 49 tr. ;
|c 29 cm
|
| 653 |
# |
# |
|a Đánh giá chất lượng nước
|
| 653 |
# |
# |
|a Ô nhiễm môi trường
|
| 653 |
# |
# |
|a Hồ Đa Thiện
|
| 653 |
# |
# |
|a Hồ Đội Có
|
| 653 |
# |
# |
|a Hồ nước
|
| 653 |
# |
# |
|a Hồ Than Thở
|
| 653 |
# |
# |
|a Hồ Tuyền Lâm
|
| 653 |
# |
# |
|a Hồ Xuân Hương
|
| 700 |
# |
# |
|a Lê Bá Dũng
|c TS.
|e Cán bộ hướng dẫn
|
| 700 |
# |
# |
|a Lê Ngọc Chung
|c TS.
|e Cán bộ hướng dẫn
|
| 901 |
# |
# |
|a /libol50/attach/doc/doc20070618WUVV.pdf
|
| 915 |
# |
# |
|a Tài nguyên môi trường
|c Thạc sĩ
|d Trường Đại học Đà Lạt
|
| 992 |
# |
# |
|a 0
|
| 994 |
# |
# |
|a DLU
|
| 900 |
# |
# |
|a True
|
| 911 |
# |
# |
|a Lê Nguyên Khang
|
| 925 |
# |
# |
|a G
|
| 926 |
# |
# |
|a A
|
| 927 |
# |
# |
|a LA
|
| 980 |
# |
# |
|a Thư viện Trường Đại học Đà Lạt
|